000 00612nam a2200241Ia 4500
005 20251020182458.0
008 200515s9999 xx 000 0 und d
082 _a624.183/G21
100 _aGallegos, Héctor
245 0 _aAlbañilería estructural : Diseño y cálculo de muros
250 _a2a ed.
260 _aLima
260 _bPontificia Universidad Católica del Perú
260 _c1991
300 _a375 p.
300 _bil., tbl., graf.
500 _a1 ejemplar
650 _aALBAÑILERIA
650 _aALBAÑILERIA ESTRUCTURAL
650 _aMORTEROS
942 _cLIB
999 _c1081
_d1081